000 01143nam a2200313 i 4500
001 196500
003 ES-MaACL
005 20250713063731.0
007 ta
008 241003b1978 sp ||||| |||| 00| 0 cat d
017 _a38.663-1978
_bES-MaACL
040 _bspa
_cES-MaACL
_dES-MaACL
100 1 _aSagarra, Josep M. de,
_d1894-1961
_eaut
_9101415
245 _aTres poemes /
_cde Josep Maria de Sagarra ; [dibuixos de R. Giralt Miracle]
260 _aBarcelona :
_bFilograf,
_c1978
300 _a18 p. :
_bil. col. ;
_c30 x 13 cm
336 _2rdacontent
_atexto
337 _2rdamedia
_asin mediación
338 _2rdacarrier
_avolumen
505 _aNit de Nadal; Cançó de rem i de vela; Vinyes verdes vora el mar
655 7 _2tgfbne
_9176539
_aPoesías
700 _aGiralt Miracle, R
_9239011
_eill
852 _aES-MaACL
_cDEPOF
_jFOLL-BUE-9
_hLegado: Antonio Buero Vallejo
_9204216
903 _932421
_aBuero Vallejo, Antonio,
_q1
_d1916-2000
_ednr
942 _n0
_cFOLLETOS
999 _c196500
_d196500